Statistics for Islands of Kiribati in a Map

Click here to take the quiz!

General Stats

  • This quiz has been taken 335 times
    (321 since last reset)
  • The average score is 11 of 33

Answers on the Map

Answers color-coded by a green-red scale on the quiz's map according to % correct below.
 

Answer Stats

Island% Correct
Tarawa
77%
Kiritimati
72%
Starbuck
43%
Banaba
42%
Caroline
40%
Rawaki
39%
Abariringa
35%
Malden
35%
Butaritari
33%
Flint
33%
Abaiang
32%
Abemama
32%
Arorae
32%
Beru
32%
Nonouti
32%
Vostock
32%
Kuria
31%
Maiana
31%
Onotoa
31%
Tabiteuea
31%
Aranuka
30%
Birnie
30%
Enderbury
30%
Makin
30%
Manra
30%
Marakei
30%
McKean
30%
Nikunau
30%
Tamana
30%
Teraina
29%
Orona
28%
Tabuaeran
28%
Nikumaroro
27%

Score Distribution

Percentile by Number Answered

Percent of People with Each Score

Your Score History

You have not taken this quiz since the last reset